10 Northernmost Countries in Europe - Statistics

General Stats
  • This quiz has been taken 9,453 times
  • The average score is 10 of 10
Answer Stats
Latitude Country % Correct
80°49'N Norway
100%
69°04'N Sweden
100%
57°45'N Denmark
99%
70°05'N Finland
99%
67°08'N Iceland
99%
81°51'N Russia
99%
59°48'N Estonia
98%
60°51'N United Kingdom
98%
58°05'N Latvia
97%
56°27'N Lithuania
97%
No matching quizzes found
Score Distribution
Percent of People with Each Score
Percentile by Number Answered
Your Score History
You have not taken this quiz